MAASAI MARA UNIVERSITY

LIBRARY CATALOGUE

Contact Us: +254 020 2685356/7 or 0774 057787

Box: 861-20500, NAROK, KENYA

Email: info@mmarau.ac.ke

_Medical microbiology Patrick R Murray(5th ed) (Record no. 6008)

MARC details
000 -LEADER
fixed length control field 00466nam a2200157Ia 4500
008 - FIXED-LENGTH DATA ELEMENTS--GENERAL INFORMATION
fixed length control field 151021s9999 xx 000 0 und d
020 ## - INTERNATIONAL STANDARD BOOK NUMBER
International Standard Book Number 9.780323033e+012
050 ## - LIBRARY OF CONGRESS CALL NUMBER
Classification number QR 46 .M4683 2005
245 ## - TITLE STATEMENT
Title _Medical microbiology Patrick R Murray(5th ed)
260 ## - PUBLICATION, DISTRIBUTION, ETC. (IMPRINT)
Place of publication, distribution, etc. Philadelphia Elsevier Mosby 2005
300 ## - PHYSICAL DESCRIPTION
Extent x,939p.ill.
500 ## - GENERAL NOTE
General note Includes index.
650 ## - SUBJECT ADDED ENTRY--TOPICAL TERM
Topical term or geographic name as entry element _Medical microbiology
700 ## - ADDED ENTRY--PERSONAL NAME
Personal name _Ken S. Rosenthal
980 ## - EQUIVALENCE OR CROSS-REFERENCE-SERIES STATEMENT--PERSONAL NAME/TITLE [LOCAL, CANADA]
Personal name ^d20110114 11:14:11^oanne

No items available.

© 2016 Maasai Mara University.